| 000 | 00684nam a2200205 i 4500 | ||
|---|---|---|---|
| 001 | 64935 | ||
| 003 | ES-MaACL | ||
| 005 | 20230906165248.0 | ||
| 007 | t| | ||
| 008 | 040107s1970 sp ||||1| spa d | ||
| 100 | 1 |
_aFournier, Hugo G. _951980 |
|
| 245 | 1 | 0 |
_aEnsayo histórico sobre los conocimientos magnetotelúricos / _cpor Hugo G. Fournier ; traducción de Mercedes B. de O'neill. |
| 260 |
_aTarragona : _b[s.n., _c1970] ( _fSugrañés) |
||
| 300 |
_aXVI, 320 p. : _bil. ; _c25 cm. |
||
| 490 | 1 | _aObservatorio del Ebro | |
| 700 | 1 |
_aO'Neill, Mercedes B. _986355 |
|
| 830 | 0 |
_aObservatorio del Ebro _9230735 |
|
| 852 |
_aES-MaACL _jC-37800 _bR.74916 |
||
| 999 |
_c64935 _d64935 |
||